<?xml version="1.0" encoding="UTF-8"?>
<record
    xmlns:xsi="http://www.w3.org/2001/XMLSchema-instance"
    xsi:schemaLocation="http://www.loc.gov/MARC21/slim http://www.loc.gov/standards/marcxml/schema/MARC21slim.xsd"
    xmlns="http://www.loc.gov/MARC21/slim">

  <leader>01526nam a2200325 i 4500</leader>
  <controlfield tag="001">166317</controlfield>
  <controlfield tag="003">ES-MaACL</controlfield>
  <controlfield tag="005">20250811063204.0</controlfield>
  <controlfield tag="008">190925q1930    sp           |||| | spa d</controlfield>
  <datafield tag="080" ind1=" " ind2=" ">
    <subfield code="a">913(447.9 C&#xF4;te d'Argent) </subfield>
  </datafield>
  <datafield tag="080" ind1=" " ind2=" ">
    <subfield code="a">913(447.95 B&#xE9;arn) </subfield>
  </datafield>
  <datafield tag="080" ind1=" " ind2=" ">
    <subfield code="a">913(447.95 Pa&#xED;s Vasco) </subfield>
  </datafield>
  <datafield tag="100" ind1="1" ind2=" ">
    <subfield code="a">Praviel, Armand,</subfield>
    <subfield code="d">1875-1944</subfield>
    <subfield code="e">aut</subfield>
    <subfield code="9">93722</subfield>
  </datafield>
  <datafield tag="245" ind1="1" ind2="3">
    <subfield code="a">La Costa de Plata y el Pa&#xED;s Vasco : </subfield>
    <subfield code="b">El Bearne /</subfield>
    <subfield code="c">Armand Praviel ; versi&#xF3;n espa&#xF1;ola de Joaqu&#xED;n Gallardo ; portada de Tony-Georges Roux</subfield>
  </datafield>
  <datafield tag="260" ind1=" " ind2=" ">
    <subfield code="a">Barcelona : </subfield>
    <subfield code="b">Edita, </subfield>
    <subfield code="c">[ca. 1930]</subfield>
  </datafield>
  <datafield tag="300" ind1=" " ind2=" ">
    <subfield code="a">168 p&#xE1;ginas : </subfield>
    <subfield code="b">ilustraciones ; </subfield>
    <subfield code="c">21 cm</subfield>
  </datafield>
  <datafield tag="490" ind1="1" ind2=" ">
    <subfield code="a">Colecci&#xF3;n "Los bellos paises"</subfield>
  </datafield>
  <datafield tag="520" ind1=" " ind2=" ">
    <subfield code="a">Armand Praviel nos ofrece gran informaci&#xF3;n sobre el Pa&#xED;s Vasco, con algunos cap&#xED;tulos dedicados a la caza de la paloma en los c&#xE9;lebres pasos de los Pirineos, sobre la caza de la gamuza en el Pa&#xED;s Vasco e informaci&#xF3;n sobre Gast&#xF3;n Febeus. Obra ilustrada con 174 huecograbados de gran calidad</subfield>
  </datafield>
  <datafield tag="534" ind1=" " ind2=" ">
    <subfield code="a">T&#xED;tulo original: C&#xF4;te d'Argent </subfield>
  </datafield>
  <datafield tag="651" ind1=" " ind2="7">
    <subfield code="a">C&#xF4;te d'Argent-</subfield>
    <subfield code="x">Descripci&#xF3;n</subfield>
    <subfield code="9">168331</subfield>
  </datafield>
  <datafield tag="651" ind1=" " ind2="7">
    <subfield code="a">Pa&#xED;s Vasco (Francia)-</subfield>
    <subfield code="x">Descripci&#xF3;n</subfield>
    <subfield code="9">168332</subfield>
  </datafield>
  <datafield tag="651" ind1=" " ind2="4">
    <subfield code="a">B&#xE9;arn (Francia, Regi&#xF3;n)-</subfield>
    <subfield code="x">Descripci&#xF3;n</subfield>
    <subfield code="9">241685</subfield>
  </datafield>
  <datafield tag="700" ind1="1" ind2=" ">
    <subfield code="a">Gallardo, Joaqu&#xED;n</subfield>
    <subfield code="e">trl</subfield>
    <subfield code="9">53483</subfield>
  </datafield>
  <datafield tag="700" ind1="1" ind2=" ">
    <subfield code="a">Roux, Tony Georges,</subfield>
    <subfield code="9">168333</subfield>
    <subfield code="d">1894-1928</subfield>
    <subfield code="e">ill</subfield>
  </datafield>
  <datafield tag="830" ind1=" " ind2="0">
    <subfield code="a">Colecci&#xF3;n "Los bellos pa&#xED;ses"</subfield>
    <subfield code="9">186773</subfield>
  </datafield>
  <datafield tag="852" ind1=" " ind2=" ">
    <subfield code="a">ES-MaACL</subfield>
    <subfield code="c">DEPO2</subfield>
    <subfield code="j">P-862-7</subfield>
  </datafield>
  <datafield tag="942" ind1=" " ind2=" ">
    <subfield code="2">udc</subfield>
    <subfield code="c">MONOGRAFIA</subfield>
    <subfield code="n">0</subfield>
  </datafield>
  <datafield tag="999" ind1=" " ind2=" ">
    <subfield code="c">166317</subfield>
    <subfield code="d">166317</subfield>
  </datafield>
  <datafield tag="952" ind1=" " ind2=" ">
    <subfield code="0">0</subfield>
    <subfield code="1">0</subfield>
    <subfield code="4">0</subfield>
    <subfield code="7">0</subfield>
    <subfield code="a">ATENEOM</subfield>
    <subfield code="b">ATENEOM</subfield>
    <subfield code="c">DEPO2</subfield>
    <subfield code="d">2019-09-25</subfield>
    <subfield code="e">SC</subfield>
    <subfield code="l">0</subfield>
    <subfield code="o">P-862-7</subfield>
    <subfield code="p">1201133</subfield>
    <subfield code="r">2023-02-23 00:00:00</subfield>
    <subfield code="w">2023-02-23</subfield>
    <subfield code="y">MONOGRAFIA</subfield>
  </datafield>
</record>
